Economics (Record no. 23452)

MARC details
000 -LEADER
fixed length control field 00300nam a2200133Ia 4500
082 ## - DEWEY DECIMAL CLASSIFICATION NUMBER
Classification number 033
Item number SAM
100 ## - MAIN ENTRY--AUTHOR NAME
Personal name SAMUELSON, Paul A
245 #0 - TITLE STATEMENT
Title Economics
250 ## - EDITION STATEMENT
Edition statement Ed.9
260 ## - PUBLICATION, DISTRIBUTION, ETC. (IMPRINT)
Place of publication Tokyo
Name of publisher Mcgraw Hill
Year of publication 1973
650 ## - SUBJECT ADDED ENTRY--TOPICAL TERM
Topical Term Economics
942 ## - ADDED ENTRY ELEMENTS (KOHA)
Koha item type Books
Holdings
Withdrawn status Lost status Damaged status Not for loan Home library Current library Date acquired Full call number Accession Number Koha item type
        RRII Library RRII Library 16/12/2021 033 SAM 04150 Books